• 首页
  • 本馆介绍
  • 公告通知
  • 最新文献
  • 馆藏检索
  • 电子资源
  • 读者导购
  • 参考咨询
  • 我的图书馆
  • 登录
  • 详细信息显示
  • 放入我的书架
  • 预约/预借图书
  • 作者相关作品
  • 分类相关作品
  • 丛书相关作品
  • 出版社相关作品

书目信息

  • 表格格式
  • 工作单格式
  • 卡片格式
题名:
读书这么好的事
    
 
作者: 张新颖 著
分册:  
出版信息: 上海   上海人民出版社  2017
页数: 241页
开本: 19cm
丛书名:
单 册:
中图分类: G792-49 , G792
科图分类:
主题词: 读书方法--少年读物
电子资源:
ISBN: 978-7-208-14344-9
000 01060nam0 2200253 450
001 2251887707
005 20220927142508.54
010    @a978-7-208-14344-9@b精装@dCNY38.00
100    @a20181129d2017 em y0chiy50 ea
101 0  @achi
102    @aCN@b310000
105    @aa z 000yy
200 1  @a读书这么好的事@9du shu zhe me hao de shi@dThe pleasure of reading grows in your heart@f张新颖著@zeng
210    @a上海@c上海人民出版社@d2017
215    @a241页@c图@d19cm
314    @a张新颖 (1967-),复旦大学中文系教授。主要作品有:中国现代文学研究著作《二十世纪上半期中国文学的现代意识》、《沈从文的后半生》、《沈从文九讲》、《沈从文与二十世纪中国》等。
330    @a本书是复旦大学中文系张新颖教授应报刊编辑之约专为年轻读者撰写的读书之作。所涉内容有为何读书、如何读书、读什么书、读书之乐等一系列有趣话题。
510 1  @aPleasure of reading grows in your heart@zeng
606 0  @a读书方法@j少年读物
690    @aG792-49@v5
690    @aG792@v4
701  0 @a张新颖@9zhang xin ying@f(1967-)@4著
801  0 @aCN@b91MARC@c20181129
905    @aZUCC@dG792@e45
    
    读书这么好的事=The pleasure of reading grows in your heart/张新颖著.-上海:上海人民出版社,2017
    241页:图;19cm
    
    
    ISBN 978-7-208-14344-9(精装):CNY38.00
    本书是复旦大学中文系张新颖教授应报刊编辑之约专为年轻读者撰写的读书之作。所涉内容有为何读书、如何读书、读什么书、读书之乐等一系列有趣话题。
●
相关链接 在五车中查询图书 在当当中查询图书 在豆瓣中查询图书


正题名:读书这么好的事     索取号:G792/45         预约/预借

序号 登录号 条形码 馆藏地/架位号 状态 备注
1 2000902771   2000902771   第三书库/ [索取号:G792/45] 在馆    
2 2000902772   2000902772   第三书库/ [索取号:G792/45] 在馆    
3 2000902773   2000902773   第三书库/ [索取号:G792/45] 在馆    
山东省滨州职业学院图书馆 欢迎您!
大连网信软件有限公司© 版权所有